000 00473nam a2200157Ia 4500
008 100122s9999 xx 000 0 und d
082 _b56398
_a398.21
100 _aरणसिंग ना बा
245 _aठाकरवाडी
260 _bइंद्रायणी साहित्य
_c1994
300 _a175
630 _aठाकरवाडी
700 _aरणसिंग मोहन
730 _aठाकरवाडी
942 _cBOOK
999 _c432820
_d432817